00665nam a22001097a 4500040000800000082002700008100003900035245034500074260002600419300002300445856008700468 cRUA aAGR HEA 2017 B636 Or.1 aHEANG SEYHA ហៀក សីហា aeffect of potassium chloride (KC1) rates on yield and sugar content of melon (CUCUMIS MELOM L.)ឥទ្ធពលនៃបរិមាណជីប៉ូតាស្យូមក្លរ(Kc1)នៅលើទិន្នផលនិងកម្រិតជាវជាតិស្ករបស់ដាំណាំត្រសកផ្អែម aRUAbPhnom penhc2017 aix;31pbill;c29cm uhttps://drive.google.com/file/d/1tJ0aM-NmgVGkSjRGDc79GH9wVLSfoc8g/view?usp=sharing